Normal view
MARC view
Entry Personal Name
001 - CONTROL NUMBER
- control field: 15611
003 - CONTROL NUMBER IDENTIFIER
- control field: OSt
005 - DATE AND TIME OF LATEST TRANSACTION
- control field: 20151017123414.0
008 - FIXED-LENGTH DATA ELEMENTS
- fixed length control field: 151017|| aca||aabn | a|a d
040 ## - CATALOGING SOURCE
- Original cataloging agency: OSt
- Transcribing agency: OSt
100 ## - HEADING--PERSONAL NAME
- Personal name: Rastogi, Dr M K
670 ## - SOURCE DATA FOUND
- Source citation: Work cat.: (OSt)6501: Rastogi, Dr M K, Pt Govind Ballabh Pant, 1987









